00000000nam##2200000za#4500
0019.569273
003CaOODSP
00520210624181705
007cr |||||||||||
008150406|2001||||xxc|||||o    f|0| 0 eng|d
040 |aCaOODSP|beng
043 |an-cn---
0861 |aBT31-4/7-2001E-PDF
1101 |aCanada. |bTreasury Board.
24510|aNational Energy Board, performance report for the period ending March 31, 2001 |h[electronic resource]
260 |aOttawa - Ontario : |bTreasury Board of Canada Secretariat |cc2001.
300 |a52p.|bfigs. (some coloured), graphs, map, tables
4901 |aPerformance report for the period ending March 31, 2001 |vFor the period ending March 31, 2001
500 |aThe catalogue number (BT31-4/7-2001) and ISBN (0-660-61702-1) for the bilingual print edition have been incorrectly copied in this electronic publication.
590 |a12-26-Supp|b2012-06-07
77508|tOffice national de l'énergie, rapport sur le rendement pour la période se terminant le 31 mars 2001 |w(CaOODSP)9.600500
7760#|tNational Energy Board |w(CaOODSP)9.535564
7760#|tOffice national de l'énergie |w(CaOODSP)9.535565
830#0|aPerformance report for the period ending March 31, 2001 ;|vFor the period ending March 31, 2001|w(CaOODSP)9.506311
85640|ahttp://publications.gc.ca|qPDF|s819 KB|uhttps://publications.gc.ca/collections/Collection/BT31-4-7-2001E.pdf|yFor the period ending March 31, 2001